Salud y sexualidad: guía didáctica para adolescentes (Registro nro. 4669)
[ vista simple ]
| 000 -Cabecera | |
|---|---|
| Campo de control de longitud fija | 00783aam a2200301 4500 |
| 005 - Fecha y hora de la última transacción | |
| Campo de control | 20241212175036.0 |
| 008 - Elementos de longitud fija--Información general | |
| Campo de control de longitud fija | 150416b2006 cr ||||| |||| 00| 0 spa d |
| 020 ## - International Standard Book Number | |
| Número Internacional Estándar del Libro (ISBN) | 9789968315128 |
| 041 ## - Idioma | |
| Código de idioma | Español |
| 082 ## - Clasificación Decimal Dewey | |
| Número de clasificación | 612.661 M516s |
| 100 ## - Entrada principal--Autor personal | |
| Nombre personal | Mejía Ramírez, Gabriel |
| 9 (RLIN) | 33779 |
| 245 ## - Título propiamente dicho | |
| Título | Salud y sexualidad: guía didáctica para adolescentes |
| 260 ## - Pie de imprenta | |
| Lugar de publicación, distribución, etc. | Costa Rica |
| 260 ## - Pie de imprenta | |
| Nombre del editor, distribuidor, etc. | EUNED |
| 260 ## - Pie de imprenta | |
| Fecha de publicación, distribución, etc. | 2006 |
| 300 ## - Descripción física | |
| Extensión | 242 páginas |
| 650 ## - Materia general | |
| Temática (materia general) | SEXUALIDAD |
| 650 ## - Materia general | |
| Temática (materia general) | ADOLESCENTES |
| 650 ## - Materia general | |
| Temática (materia general) | INFANCIA |
| 650 ## - Materia general | |
| Temática (materia general) | DESARROLLO SEXUAL |
| 650 ## - Materia general | |
| Temática (materia general) | MÉTODOS ANTICONCEPTIVOS |
| 650 ## - Materia general | |
| Temática (materia general) | ENFERMEDADES DE TRANSMISIÓN SEXUAL |
| 650 ## - Materia general | |
| Temática (materia general) | ABUSO SEXUAL |
| 650 ## - Materia general | |
| Temática (materia general) | AGRESIÓN |
| 650 ## - Materia general | |
| Temática (materia general) | DROGAS |
| 650 ## - Materia general | |
| Temática (materia general) | SEXUALIDAD RESPONSABLE |
| 942 ## - Punto de acceso adicional KOHA | |
| Tipo de ítem KOHA | Libro |
| Fuente del sistema de clasificación o colocación | Dewey Decimal Classification |
| Signatura completa | Código de barras | Tipo de ítem |
|---|---|---|
| 612.661 M516s | 13506 | Libro |